000 00714nam a2200157 i 4500
001 93450
003 ES-MaACL
005 20230906181227.0
007 t|
008 050527s1907 sp ||||1| spa d
100 1 _aMartel y Fernández de Córdoba, Ricardo
_cConde de Torres Cabrera.
_977162
245 1 0 _aInforme que sobre la integración de la clase agraria en el Estado ofrece a los Sres. Presidentes de las Corporaciones confederadas que constituyen la Unión Agraria Española el Presidente de la Federación Agraria Bético-Extremeña y Canaria /
_cEl Conde de Torres-Cabrera.
260 _aMadrid :
_b[s.n.,
_c1907] (
_fEst. Tip. de Fortanet)
300 _a120 p. ;
_c28 cm.
852 _aES-MaACL
_jT-1169-F-4
999 _c93450
_d93450